000 00656nam a2200253Ia 4500
001 7571
005 20240113234023.0
007 ta
008 050709s1998 a g b000 u hin u
020 _a81-86135-68-5
040 _aCotton College Assam
041 _ahin
082 _a891.431
_bSi 61 Hi
100 _aSingh, Vijaypal .
245 0 _aHindi Riti Kavya /
_cVijaypal Singh.
_hTextual Documents
250 _a1st ed. /
260 _aBaranasi :
_bSanjoy Book Center ,
_c1998.
300 _a131p. :
_bill. ;
_c21cm .
653 _aHindi poetry
653 _aMS-Hindi
942 _2ddc
_cBK
999 _c7558
_d7558